| 000 | 00380nam a2200157Ia 4500 | ||
|---|---|---|---|
| 008 | 210716s2017 xx 000 0 und d | ||
| 020 | _a9788126569175 | ||
| 041 | _aeng | ||
| 082 | _a658.802 PADC | ||
| 100 | _aPadveen, Corey. | ||
| 245 | _aMarketing to millennials for dummies. | ||
| 250 | _a1 | ||
| 260 |
_aNew Delhi _bWILEY _c2017 |
||
| 300 | _axv336 | ||
| 650 | _aMarketing | ||
| 999 |
_c197207 _d197207 |
||